Представление документа в формате RUSMARC

ПолеНазваниеЗначение
  Тип записи c
  Библиографический уровень m
001 Контрольный номер RU/УОНБ/EK_N/352119699
005 Дата корректировки 20250520125034.5
010 Индекс ISBN __
9 Тираж 780 экз.
013 Номер (ISMN) __
d Цена 40 к.
071 Издательские номер (звукозапись и ноты) 21
a Номер, присвоенный агентством с 3423 к
100 Данные общей обработки __
a Данные общей обработки 20150225d1963 u y0rusy0189||||ca
101 Язык документа 0_
a Язык текста rus
102 Страна публикации __
a Страна публикации RU
105 Кодированные данные (монография) __
a Кодированные данные (монография) y###||||000|y
125 Кодированные данные звукозаписи и нотных изданий __
a Форма изложения нотного текста с|
128 Кодированные данные (звукозаписи-физические характеристики) __
a Кодированные данные: Музыкальная форма и тональность или лад li
c Инструменты или голоса, рекомендуемые для солистов (устаревшее) ka||
c Инструменты или голоса, рекомендуемые для солистов (устаревшее) vi||
200 Заглавие и сведения об ответственности 1_
a Заглавие Из поэзии Петефи
b Общее обозначение материала [Ноты]
e Сведения, относящиеся к заглавию вокал. цикл. для сред. голоса в сопровожд. фп.
e Сведения, относящиеся к заглавию соч. 70
f Первые сведения об ответственности М. Вайнберг
210 Выходные данные 1_
a Место издания Москва
c Издательство Советский композитор
d Дата издания 1963
215 Физическое описание __
a Объем 33 c.
d Формат 29 см
327 Примечание о содержании 11
a Примечание о содержании Содерж. : Лишь утро минуло ; От мира вдалеке ; Цветы больны ; Что говорит мудрец ; Звон вечерний с колокольни ; Так, значит, вы - мои друзья? ; Если бы.
464 Аналитический уровень _0
1 2001
a Лишь утро минуло
e Лишь утро минуло...
1 702 1
a Левик
b В.
4 730
464 Аналитический уровень _0
1 2001
a От мира вдалеке
e От мира вдалеке
1 702 1
a Чуковский
b Н.
4 730
464 Аналитический уровень _0
1 2001
a Цветы больны
e Цветы больны...
1 702 1
a Чуковский
b Н.
4 730
464 Аналитический уровень _0
1 2001
a Что говорит мудрец
e Жизнь под...
1 702 1
a Мартынов
b Л.
4 730
464 Аналитический уровень _0
1 2001
a Звон вечерний с колокольни
e Звон вечерний с колокольни...
1 702 1
a Залаховская
b М.
4 730
464 Аналитический уровень _0
1 2001
a Так, значит, вы - мои друзья?
e Так, значит, вы - мои друзья?
1 702 1
a Мартынов
b Л.
4 730
464 Аналитический уровень _0
1 2001
a Если бы
e Если бы...
1 702 1
a Мартынов
b Л.
4 730
512 Заглавие обложки 1_
a Заглавие обложки Из поэзии Петефи
606 Тематические рубрики 0_
a Основная рубрика Вокальные циклы
x Основная подрубрика Средний голос
610 Ключевые слова 0_
a Ключевые слова Петефи
610 Ключевые слова 0_
a Ключевые слова средний голос
686 Индексы других классификаций __
a Классификационный индекс 85.943.2
2 Код системы rubbk
700 Автор _1
a Фамилия Вайнберг
b Имя (инициалы) М. С.
g Полное личное имя Моисей Самуилович
801 Источник записи _0
a Страна RU
b Организация Ульяновская ОНБ
c Дата составления 20150225
g Правила каталогизации RCR
801 Источник записи _1
a Страна RU
b Организация Ульяновская ОНБ
c Дата составления 20150225
g Правила каталогизации RCR
901 Тип документа __
t Тип документа m
909 Создатель записи __
a Создатель записи Карасева М. В.
938 Служебная информация __
a Имя БД noti
b Имя библиотеки УОНБ
c Имя АИБС МАРК-SQL
d Номер DOC_ID в БД 8448